000 00594cacaa220016941 4500
001 000017991
005 20200929165315.0
008 761123m19759999ve a 000 1 spa
040 _aDO-SdBNP
_bspa
_cBNPHU
245 0 0 _aAntologia de cuentistas y pintores venezolanos.
260 _aVenezuela :
_bOrganizacion Procesa,
_c1975.
300 _av. :
_bil. ;
_c22 cm.
490 0 _aBiblioteca selecta de la cultura venezolana
500 _aLa biblioteca posee el volumen 4
500 _aEditado en Venezuela por Editorial Laude C.A.
830 0 _aBiblioteca selecta de la cultura venezolana ;
_939003
999 _c17513
_d17513